000 00247nam a2200097Ia 4500
082 _aZUL JF IZIN
245 0 _aIzinyo [Zulu]
100 _a Moore, Heather Cape Town, 2003
_924026
942 _cBK
008 210816s9999 xx 000 0 und d
999 _c141981
_d141980